Departamentos del Perú - Estadísticas

Estadísticas generales
  • Esta prueba ha sido intentada 3.123 veces
  • La puntuación promedio es 13 de 25
Estadísticas de respuestas
Respuesta % Correcto
Lima
93%
Arequipa
75%
Ica
70%
Loreto
70%
Tumbes
66%
Cuzco
65%
Piura
64%
Puno
61%
Tacna
61%
Ancash
59%
La libertad
59%
Madre de Dios
58%
Amazonas
56%
Lambayeque
50%
Moquegua
49%
Cajamarca
46%
Ayacucho
44%
Ucayali
44%
Callao
41%
Junin
40%
San Martin
39%
Apurimac
36%
Pasco
36%
Huanuco
34%
Huancavelica
33%
No se encontraron pruebas coincidentes
Distribución de puntuación
Porcentaje de gente con cada puntuación
Porcentaje por número respondido
Historial de tus puntuaciones
No has intentado esta prueba.